<?xml version="1.0" encoding="UTF-8"?>
<record
    xmlns:xsi="http://www.w3.org/2001/XMLSchema-instance"
    xsi:schemaLocation="http://www.loc.gov/MARC21/slim http://www.loc.gov/standards/marcxml/schema/MARC21slim.xsd"
    xmlns="http://www.loc.gov/MARC21/slim">

  <leader>00433pam a2200157 a 4500</leader>
  <datafield tag="020" ind1=" " ind2=" ">
    <subfield code="a">975-0-05-09670-2</subfield>
    <subfield code="c"></subfield>
  </datafield>
  <datafield tag="041" ind1=" " ind2=" ">
    <subfield code="a">eng</subfield>
  </datafield>
  <datafield tag="082" ind1=" " ind2=" ">
    <subfield code="a">658.404</subfield>
    <subfield code="b">NIC</subfield>
  </datafield>
  <datafield tag="100" ind1=" " ind2=" ">
    <subfield code="a">Nicbolosjm.</subfield>
  </datafield>
  <datafield tag="245" ind1=" " ind2=" ">
    <subfield code="a">Project Management For Engineering Business And Technology</subfield>
    <subfield code="h">Textual Documents</subfield>
  </datafield>
  <datafield tag="250" ind1=" " ind2=" ">
    <subfield code="a">3rd ed / </subfield>
    <subfield code="b">2015.</subfield>
  </datafield>
  <datafield tag="260" ind1=" " ind2=" ">
    <subfield code="a">[s.l]:</subfield>
    <subfield code="b">Routledge Taylor and Francis Group</subfield>
  </datafield>
  <datafield tag="300" ind1=" " ind2=" ">
    <subfield code="a">675.</subfield>
  </datafield>
  <datafield tag="653" ind1=" " ind2=" ">
    <subfield code="a">Project Management</subfield>
  </datafield>
  <datafield tag="930" ind1=" " ind2=" ">
    <subfield code="a">25079</subfield>
  </datafield>
  <datafield tag="999" ind1=" " ind2=" ">
    <subfield code="c">143777</subfield>
    <subfield code="d">143777</subfield>
  </datafield>
  <datafield tag="952" ind1=" " ind2=" ">
    <subfield code="0">0</subfield>
    <subfield code="1">0</subfield>
    <subfield code="4">0</subfield>
    <subfield code="7">0</subfield>
    <subfield code="8">Circulation</subfield>
    <subfield code="a">IMP</subfield>
    <subfield code="b">IMP</subfield>
    <subfield code="d">2018-02-27</subfield>
    <subfield code="e">Bharati Madhyavarti Sahakari Grahak Bhandar Ltd.</subfield>
    <subfield code="g">699.00</subfield>
    <subfield code="l">0</subfield>
    <subfield code="o">658.404 NIC</subfield>
    <subfield code="p">IMP-IM-63213</subfield>
    <subfield code="r">2023-03-01 00:00:00</subfield>
    <subfield code="t">2</subfield>
    <subfield code="w">2023-03-01</subfield>
    <subfield code="y">BK</subfield>
  </datafield>
  <datafield tag="952" ind1=" " ind2=" ">
    <subfield code="0">0</subfield>
    <subfield code="1">0</subfield>
    <subfield code="4">0</subfield>
    <subfield code="7">0</subfield>
    <subfield code="8">Circulation</subfield>
    <subfield code="a">IMP</subfield>
    <subfield code="b">IMP</subfield>
    <subfield code="d">2018-02-27</subfield>
    <subfield code="e">Bharati Madhyavarti Sahakari Grahak Bhandar Ltd.</subfield>
    <subfield code="g">699.00</subfield>
    <subfield code="l">0</subfield>
    <subfield code="o">658.404 NIC</subfield>
    <subfield code="p">IMP-IM-63212</subfield>
    <subfield code="r">2023-03-01 00:00:00</subfield>
    <subfield code="t">1</subfield>
    <subfield code="w">2023-03-01</subfield>
    <subfield code="y">BK</subfield>
  </datafield>
</record>
